[Event "Catalunya-ch prel"]
[Site "Santa Eulalia de Roncana"]
[Date "2020.01.25"]
[Round "1.4"]
[White "De Lomas Busquets, Alba"]
[Black "Pareras Dameson, Marti"]
[Result "1-0"]
[WhiteElo "2027"]
[BlackElo "1661"]
[PlyCount "63"]
[EventDate "2020.01.25"]
[EventType "swiss"]
[EventRounds "5"]
[EventCountry "ESP"]
[SourceTitle "EXT 2024"]
[Source "ChessBase"]
[SourceDate "2023.10.10"]
[SourceVersion "1"]
[SourceVersionDate "2023.10.10"]
[SourceQuality "1"]

1. d4 d5 2. Nf3 Nf6 3. e3 Nc6 4. b3 e6 5. Bb2 a5 6. a3 b6 7. Nbd2 Bd6 8. Ne5 Nxe5 9. dxe5 Bxe5 10. Bxe5 0-0 11. Bd3 Nd7 12. Bb2 e5 13. c4 e4 14. Bb1 Nc5 15. b4 axb4 16. axb4 Rxa1 17. Bxa1 Nd3+ 18. Bxd3 exd3 19. c5 bxc5 20. bxc5 c6 21. 0-0 Bf5 22. Nf3 Qa5 23. Bd4 Ra8 24. Ne5 Qb5 25. Qh5 g6 26. Qh6 f6 27. Nf3 d2 28. Nxd2 Rf8 29. Ra1 Qe2 30. Ra7 Rf7 31. Ra8+ Rf8 32. Rxf8# 1-0